Normale Ansicht MARC-Ansicht ISBD

"Wie eine offene Wunde für unsere Stadt" (Titelsatznr. 373467)

[ MARC ]
MARC-Details
000 -Satzkennung
Kontrollfeld mit fester Länge 00735nab a2200181 4500
001 - Kontrollnummer
Kontrollfeld 244442
003 - Kontrollnummer Identifier
Kontrollfeld OSt
005 - Datum und Zeit der letzten Transaktion
Kontrollfeld 20241121093759.0
007 - Feld mit fester Länge zur physischen Beschreibung - Allgemeine Information
Kontrollfeld mit fester Länge tu
008 - Feld mit fester Länge zur physischen Beschreibung - Allgemeine Angaben
Kontrollfeld mit fester Länge 200917s2020|||||||
040 ## - Katalogisierungsquelle
Original-Katalogisierungsstelle DE-2950
Übertragungsstelle DE-2950
245 00 - Titel
Titel "Wie eine offene Wunde für unsere Stadt"
Zusatz zum Titel Zeitgeschichte. Die Stasi zerstörte vor rund 45 Jahren einen Kreis von Künstlern und Intellektuellen in Frankfurt. Eine Ausstellung arbeitet auf, was darüber bekannt ist. Sie wird am Freitag in der Magistrale Kunsthalle eröffnet/
Verfasserangabe etc. Dietrich Schröder
264 ## - Produktion, Veröffentlichung, Distribution, Herstellung und Urheberrechtsvermerk
Datum der Herstellung, der Veröffentlichung, des Vertriebs oder des Urheberschutzvermerks 2024
653 ## - Indexierungsterm - Nicht normiert
Nicht-normierter Term Frankfurt (Oder)
653 ## - Indexierungsterm - Nicht normiert
Nicht-normierter Term Peter Rompf, Jürgen Jentzsch
773 0# - Übergeordnete Einheit
Verknüpfungsangaben 35. Jahrgang (2024) Nr. 265 vom 13.11.2024, S. 17 mit Foto
Titel Märkische Oderzeitung
942 ## - Zusätzliche Felder (Koha)
Klassifikation oder Aufstellungssystematik Andere/Generische Klassifikation
Koha-Medientyp Aufsätze
Exemplare
Ausgeschieden Verloren Klassifikation oder Aufstellungssystematik Beschädigt Nicht entleihbar Heimatbibliothek Aufenthaltsbibliothek Aufstellungsort Erwerbungsdatum Anzahl Ausleihen Signatur Letzte Aktivität Preis gültig von Koha-Medientyp
    Andere/Generische Klassifikation     Stadtarchiv Frankfurt (Oder) | Archivbibliothek Stadtarchiv Frankfurt (Oder) | Archivbibliothek Magazin 21/11/2024   Z2 21/11/2024 21/11/2024 Aufsätze